Online
Catalog

Breve historia constitucional de España : (Record no. 12280)

MARC details
000 -CABECERA
campo de control de longitud fija 00641cam a2200181 a 4500
001 - NÚMERO DE CONTROL
campo de control 000012626
005 - FECHA Y HORA DE LA ÚLTIMA TRANSACCIÓN
campo de control 20200929163041.0
008 - DATOS DE LONGITUD FIJA--INFORMACIÓN GENERAL
campo de control de longitud fija 761115s1975 sp 001 0 spa
020 ## - NÚMERO INTERNACIONAL ESTÁNDAR DEL LIBRO
Número Internacional Estándar del Libro 8432505463
040 ## - FUENTE DE LA CATALOGACIÓN
Centro catalogador/agencia de origen DO-SdBNP
Lengua de catalogación spa
Centro/agencia transcriptor BNPHU
082 ## - NÚMERO DE LA CLASIFICACIÓN DECIMAL DEWEY
Número de clasificación 342.02946
Número de documento/Ítem F224b
100 1# - ENTRADA PRINCIPAL--NOMBRE DE PERSONA
Nombre de persona Farias Garcia, Pedro.
9 (RLIN) 29383
245 10 - MENCIÓN DE TÍTULO
Título Breve historia constitucional de España :
Resto del título (seguido de los textos constitucionales desde la carta de Bayona a la ley orgánica) /
Mención de responsabilidad, etc. Pedro Farias.
260 ## - PUBLICACIÓN, DISTRIBUCIÓN, ETC.
Lugar de publicación, distribución, etc. Madrid :
Nombre del editor, distribuidor, etc. Doncel,
Fecha de publicación, distribución, etc. 1975.
300 ## - DESCRIPCIÓN FÍSICA
Extensión 442 p. ;
Dimensiones 18 cm.
490 1# - MENCIÓN DE SERIE
Mención de serie El Libro de Bolsillo Doncel
Designación de volumen o secuencia 86
650 #4 - PUNTO DE ACCESO ADICIONAL DE MATERIA--TÉRMINO DE MATERIA
Término de materia o nombre geográfico como elemento de entrada España
Subdivisión general Historia constitucional
9 (RLIN) 29384
Holdings
Estado de retiro Estado de pérdida Restricciones de uso No para préstamo Código de colección Localización permanente Ubicación/localización actual Ubicación en estantería Fecha de adquisición Número de inventario Total de préstamos Signatura topográfica completa Código de barras Fecha visto por última vez Precio válido a partir de Tipo de ítem Koha Número de copia
      Excluido de préstamo Monografías: Libros y Folletos General General Depósito 13.11.2009 LF1   342.02946 F224b 12626-10 25.06.2020 25.06.2020 No se presta  
      Excluido de préstamo Monografías: Libros y Folletos General General Depósito 13.11.2009 LF1   342.02946 F224b 12626-20 25.06.2020 25.06.2020 No se presta e. 2
  Extraviado     Monografías: Libros y Folletos General General Extraviado 17.11.2009 LF1   342.02946 F224b 12626-30 25.06.2020 25.06.2020 Préstamo en sala e. 3
  Extraviado     Monografías: Libros y Folletos General General Extraviado 19.05.2017 LF1   342.02946 F224b 12626-40 25.06.2020 25.06.2020 Préstamo en sala e. 4

Powered by Koha